Máchovo jezero

Korporativní autor: Kartografie Praha (firma)
Další autoři: Kelemen, Albert, 1922-1985, Beneš, Ivan, Stasz, Michal, Roulová, Zdenka, 1937-, Patočka, František, 1904-1986, Hanka, Antonín, Mohr, Vladimír, Kimlíček, O., Patočka, Bedřich
Jazyk: Ruština
Němčina
Čeština
Angličtina
Vydáno: Praha : Kartografie, 1973
Vydání: 2. vyd.
Edice: Soubor turistických map
Témata:
Fyzický popis: 1 mapa : barev. ; 22 x 32 cm, na listu 22 x 53 cm, složeno na 22 x 11 cm
Language note: Legenda a text česky, německy, anglicky a rusky, místopis česky
Mapy
Uloženo v:
LEADER 02678nem a2200553 a 4500
001 000309591
003 CZ BrMZK
005 20140423090808.0
007 aj|canzn
008 980107s1973 xr ag a 0 cze d
034 1 |a a  |b 90000  |d E0143000  |e E0144347  |f N0503822  |g N0503140 
040 |a BOA001  |b cze 
041 0 |a cze  |a ger  |a eng  |a rus 
043 |a e-xr---  |b e-xr-cc  |2 czenas 
072 7 |a 796  |x Sport. Hry. Tělesná cvičení  |2 Konspekt  |9 20 
072 7 |a 912  |x Mapy. Atlasy. Glóby  |2 Konspekt  |9 7 
080 |a 913:338.483.1  |2 MRF 
080 |a 913(437.31-17)  |2 MRF 
080 |a (084.3)796.5  |2 MRF 
245 0 0 |a Máchovo jezero  |h [kartografický dokument] /  |c vydala, zpracovala a v kooperaci vytiskla Kartografie Praha ; odpovědný redaktor 1. vyd.: Albert Kelemen ; odpovědný redaktor 2. vyd.: Ivan Beneš ; technický redaktor 1. vyd.: Michal Stasz ; technický redaktor 2. vyd.: Zdenka Roulová ; spolupracovali: F. Patočka ... [et al.] ; obálka: B. Patočka 
250 |a 2. vyd. 
255 |a Měřítko [ca 1:90 000]  |c (14°30´00" v.d.--14°43´47" v.d./50°38´22" s.š.--50°31´40" s.š.) 
260 |a Praha :  |b Kartografie,  |c 1973 
300 |a 1 mapa :  |b barev. ;  |c 22 x 32 cm, na listu 22 x 53 cm, složeno na 22 x 11 cm 
490 1 |a Soubor turistických map 
500 |a Na rubu doprovodný text a obálkový titul 
500 |a Doplňková mapa širšího okolí 
500 |a Další údaje o odpovědnosti: spolupracovali: F. Patočka, A. Hanka, V. Mohr a O. Kimlíček 
546 |a Legenda a text česky, německy, anglicky a rusky, místopis česky 
650 0 7 |a turistické zajímavosti  |7 ph126800  |2 czenas 
655 7 |a turistické mapy  |7 fd133737  |2 czenas 
651 7 |a Máchovo jezero (Česko : oblast)  |7 ge130122  |2 czenas 
700 1 |a Kelemen, Albert,  |d 1922-1985  |7 jx20061209045  |4 ant 
700 1 |a Beneš, Ivan  |7 mzk2009535293  |4 pbd 
700 1 |a Stasz, Michal  |7 jo2007376761  |4 ant 
700 1 |a Roulová, Zdenka,  |d 1937-  |7 stk2008428677  |4 red 
700 1 |a Patočka, František,  |d 1904-1986  |7 xx0032453  |4 oth 
700 1 |a Hanka, Antonín  |4 oth 
700 1 |a Mohr, Vladimír  |7 jk01081954  |4 oth 
700 1 |a Kimlíček, O.  |4 oth 
700 1 |a Patočka, Bedřich  |4 bjd 
710 2 |a Kartografie Praha (firma)  |7 kn20010724363  |4 pbl  |4 prt  |4 ctg 
830 0 |a Soubor turistických map 
910 |a BOA001  |b PK-0039.298  |b Skř.9A-0530.951-73 
964 |a Máchovo jezero - mapy turistické 
990 |a MP 
991 |b 201404 
996 6 |b 2619672748  |c Skř.9A-0530.951-73  |l MZK  |r Sklad / do 24 hodin  |n 0  |w 000309591  |u 000020  |a 1  |e BOA001  |j MZK50  |s P 
996 7 |b 3119924102  |c PK-0039.298  |l MZK  |r Sklad / do 1 hodiny  |n 0  |w 000309591  |u 000010  |a 1  |e BOA001  |j MZK50  |s A